000 00424nam a2200181Ia 4500
003 0100
008 130303s9999 xx 000 0 und d
040 _cARRUPELIB
050 _aQB36.F37 1994
100 _aFerguson, Kitty
245 4 _aThe Fire in the Equations
245 _bScience, Religion and the Search for God
260 _aLondon
260 _bBantam Books
260 _C1994
300 _a318p
942 0 0 _06
999 _c18667
_d18667